000
00304nam a2200109Ia 4500
008
200302s9999 xx 000 0 und d
100
_a
H. Creighton & Others
245
_a
Homes Seleted by the Editors of Progressive Architecture
260
_b
Reinhold Publishing Corporation
260
_c
1949
300
_a
190 P.,
999
_c
8
_d
8